სოციალური მეწარმეობის განვითარების ტენდენციები საქართველოში / (ბიბ.ჩანაწერი № 54617)
[ მარტივი ფორმატი ]
| 000 -ლიდერი | |
|---|---|
| ფიქსირებული სიგრძის საკონტროლო ველი | 02168nam a2200349Ia 4500 |
| 001 - საკონტროლო ნომერი | |
| საკონტროლო ველი | 21684 |
| 003 - საკონტროლო ნომრის იდენტიფიკატორი | |
| საკონტროლო ველი | GE_BSU |
| 005 - ბოლო ოპერაციის თარიღი და დრო | |
| საკონტროლო ველი | 20211210181248.0 |
| 008 - ფიქსირებული სიგრძის მონაცემთა ელემენტები - ზოგადი ინფორმაცია | |
| ფიქსირებული სიგრძის საკონტროლო ველი | 181216s ||||ge |||||||||||||| ||geo|| |
| 020 ## - წიგნის საერთაშორისო სტანდარტული ნომერი | |
| International Standard Book Number | 9789941136412 |
| 040 ## - კატალოგიზაციის წყარო | |
| Transcribing agency | GE_BSU |
| 041 ## - ენის კოდი | |
| Language code of text/sound track or separate title | geo |
| 080 ## - უნივერსალური ათობითი კლასიფიკაციის ინდექსი | |
| Universal Decimal Classification number | 338.2 ს-74 |
| 245 ## - ცნობა სათაურის შესახებ | |
| Title | სოციალური მეწარმეობის განვითარების ტენდენციები საქართველოში / |
| Statement of responsibility, etc | რ. გველესიანი, გ. ერქომაიშვილი, ი. გოგორიშვილი, ე. ლეკაშვილი, ნ. ფარესაშვილი, ლ. ხურცია ; რედ. რ. გველესიანი. |
| 264 ## - წარმოების, გამოცემის, დისტრიბუციის და სხვა ცნობები | |
| გამოცემის, წარმოების, დისტრიბუციის... ადგილი | თბილისი : |
| გამოცემის, წარმოების, დისტრიბუციის... სახელწოდება | უნ-ტის გამ-ბა, |
| გამოცემის, წარმოების, დისტრიბუციის... თარიღი | 2017. |
| 300 ## - ფიზიკური აღწერა | |
| Extent | 145 გვ. ; |
| Dimensions | 21 სმ. |
| 500 ## - ზოგადი შენიშვნა | |
| General note | პარალელური სათაური ინგლისურ ენაზე |
| 504 ## - BIBLIOGRAPHY, ETC. NOTE | |
| Bibliography, etc | ბიბლიოგრაფია გვ. : 126-127 |
| 520 ## - SUMMARY, ETC. | |
| Summary, etc | პარალ. სათაური ინგლ.ენ. |
| 653 ## - INDEX TERM--UNCONTROLLED | |
| Uncontrolled term | ეკონომიკა |
| 653 ## - INDEX TERM--UNCONTROLLED | |
| Uncontrolled term | სოციალური მეწარმეობის განვითარების ტენდენციები საქართველოში |
| 700 ## - ADDED ENTRY--PERSONAL NAME | |
| Personal name | გველესიანი, რ. |
| Relator term | ავტორი |
| 9 (RLIN) | 4609 |
| 700 ## - ADDED ENTRY--PERSONAL NAME | |
| Personal name | ერქომაიშვილი, გ. |
| Relator term | ავტორი |
| 9 (RLIN) | 13267 |
| 700 ## - ADDED ENTRY--PERSONAL NAME | |
| Personal name | გოგორიშვილი, ი. |
| Relator term | ავტორი |
| 9 (RLIN) | 12239 |
| 700 ## - ADDED ENTRY--PERSONAL NAME | |
| Personal name | ლეკაშვილი, ე. |
| Relator term | ავტორი |
| 9 (RLIN) | 13268 |
| 700 ## - ADDED ENTRY--PERSONAL NAME | |
| Personal name | ფარესაშვილი, ნ. |
| Relator term | ავტორი |
| 9 (RLIN) | 13269 |
| 700 ## - ADDED ENTRY--PERSONAL NAME | |
| Personal name | ხურცია, ლ. |
| Relator term | ავტორი |
| 9 (RLIN) | 13270 |
| 700 ## - ADDED ENTRY--PERSONAL NAME | |
| Personal name | გველესიანი, რ. |
| Relator term | რედაქტორი |
| 9 (RLIN) | 4609 |
| 710 ## - ADDED ENTRY--CORPORATE NAME | |
| Corporate name or jurisdiction name as entry element | ივანე ჯავახიშვილის სახელობის თბილისის სახელმწიფო უნივერსიტეტი |
| 9 (RLIN) | 13271 |
| 942 ## - ADDED ENTRY ELEMENTS (KOHA) | |
| Koha item type | წიგნი |
| Source of classification or shelving scheme | |
| ჩამოწერის სტატუსი | დაკარგული ეგზემპლარის სტატუსი | კლასიფიკაციის წყარო ან თაროზე გაწყობის სქემა | დაზიანების სტატუსი | არ გაიცემა | მუდმივი მდებარეობა (დაცვის ადგილი) | ამჟამინდელი ადგილსამყოფელი | თაროზე განთავსების ადგილი | შეძენის თარიღი | ღირებულება, შესყიდვის ნორმალური ფასი | სრული შენახვის შიფრი | შტრიხკოდი | ბოლო ოპერაციის თარიღი | ეგზემპლარის მიმდევრობითი ნომერი (კეტერი?) | ფასის ძალაში შესვლის თარიღი | ეგზემპლარის სახეობა | საჯარო შენიშვნა |
|---|---|---|---|---|---|---|---|---|---|---|---|---|---|---|---|---|
| ბათუმის შოთა რუსთაველის სახელმწიფო უნივერსიტეტის მთავარი ბიბლიოთეკა | ბათუმის შოთა რუსთაველის სახელმწიფო უნივერსიტეტის მთავარი ბიბლიოთეკა | წიგნსაცავი | 2018-12-17 | 20.00 | 338.2 ს-74 | 55686 | 2018-12-17 | 55686 | 2018-12-17 | წიგნი | 20.00 ₾. | |||||
| ბათუმის შოთა რუსთაველის სახელმწიფო უნივერსიტეტის მთავარი ბიბლიოთეკა | ბათუმის შოთა რუსთაველის სახელმწიფო უნივერსიტეტის მთავარი ბიბლიოთეკა | წიგნსაცავი | 2018-12-17 | 20.00 | 338.2 ს-74 | 55687 | 2018-12-17 | 55687 | 2018-12-17 | წიგნი | 20.00 ₾. | |||||
| ბათუმის შოთა რუსთაველის სახელმწიფო უნივერსიტეტის მთავარი ბიბლიოთეკა | ბათუმის შოთა რუსთაველის სახელმწიფო უნივერსიტეტის მთავარი ბიბლიოთეკა | წიგნსაცავი | 2018-12-17 | 20.00 | 338.2 ს-74 | 55688 | 2018-12-17 | 55688 | 2018-12-17 | წიგნი | 20.00 ₾. | |||||
| ბათუმის შოთა რუსთაველის სახელმწიფო უნივერსიტეტის მთავარი ბიბლიოთეკა | ბათუმის შოთა რუსთაველის სახელმწიფო უნივერსიტეტის მთავარი ბიბლიოთეკა | წიგნსაცავი | 2018-12-17 | 20.00 | 338.2 ს-74 | 55689 | 2018-12-17 | 55689 | 2018-12-17 | წიგნი | 20.00 ₾. | |||||
| ბათუმის შოთა რუსთაველის სახელმწიფო უნივერსიტეტის მთავარი ბიბლიოთეკა | ბათუმის შოთა რუსთაველის სახელმწიფო უნივერსიტეტის მთავარი ბიბლიოთეკა | წიგნსაცავი | 2018-12-17 | 20.00 | 338.2 ს-74 | 55690 | 2018-12-17 | 55690 | 2018-12-17 | წიგნი | 20.00 ₾. | |||||
| ბათუმის შოთა რუსთაველის სახელმწიფო უნივერსიტეტის მთავარი ბიბლიოთეკა | ბათუმის შოთა რუსთაველის სახელმწიფო უნივერსიტეტის მთავარი ბიბლიოთეკა | წიგნსაცავი | 2018-12-17 | 20.00 | 338.2 ს-74 | 55691 | 2018-12-17 | 55691 | 2018-12-17 | წიგნი | 20.00 ₾. | |||||
| ბათუმის შოთა რუსთაველის სახელმწიფო უნივერსიტეტის მთავარი ბიბლიოთეკა | ბათუმის შოთა რუსთაველის სახელმწიფო უნივერსიტეტის მთავარი ბიბლიოთეკა | წიგნსაცავი | 2018-12-17 | 20.00 | 338.2 ს-74 | 55692 | 2018-12-17 | 55692 | 2018-12-17 | წიგნი | 20.00 ₾. | |||||
| ბათუმის შოთა რუსთაველის სახელმწიფო უნივერსიტეტის მთავარი ბიბლიოთეკა | ბათუმის შოთა რუსთაველის სახელმწიფო უნივერსიტეტის მთავარი ბიბლიოთეკა | წიგნსაცავი | 2018-12-17 | 20.00 | 338.2 ს-74 | 55693 | 2018-12-17 | 55693 | 2018-12-17 | წიგნი | 20.00 ₾. | |||||
| ბათუმის შოთა რუსთაველის სახელმწიფო უნივერსიტეტის მთავარი ბიბლიოთეკა | ბათუმის შოთა რუსთაველის სახელმწიფო უნივერსიტეტის მთავარი ბიბლიოთეკა | წიგნსაცავი | 2018-12-17 | 20.00 | 338.2 ს-74 | 55694 | 2018-12-17 | 55694 | 2018-12-17 | წიგნი | 20.00 ₾. | |||||
| ბათუმის შოთა რუსთაველის სახელმწიფო უნივერსიტეტის მთავარი ბიბლიოთეკა | ბათუმის შოთა რუსთაველის სახელმწიფო უნივერსიტეტის მთავარი ბიბლიოთეკა | წიგნსაცავი | 2018-12-17 | 20.00 | 338.2 ს-74 | 55695 | 2018-12-17 | 55695 | 2018-12-17 | წიგნი | 20.00 ₾. |
